| 000 | 00509nam a22001937a 4500 | ||
|---|---|---|---|
| 003 | NUST - PNEC | ||
| 005 | 20170116180823.0 | ||
| 008 | 150629b xxu||||| |||| 00| 0 eng d | ||
| 020 | _a9788131718674 | ||
| 040 | _cLIBRARY | ||
| 082 | _a515 THO | ||
| 100 |
_9116 _aThomas, George B. |
||
| 245 |
_aThomas Calculus _cMaurice D.Weir |
||
| 250 | _a11th ed | ||
| 260 |
_aNew Delhi _bDorling Kindersley (India) Pvt.Ltd. _cc2008. |
||
| 300 | _aVarious Pagges | ||
| 650 |
_94248 _aCalculus _xME |
||
| 942 |
_2ddc _cBK |
||
| 999 |
_c63816 _d63816 |
||